Catálogo

TECNICAS DE INVESTIGACION EN CIENCIAS DE LA ADMINISTRACION Y DEL COMPORTAMIENTO (Registro nro. 26937)

Detalles MARC
000 -LEADER
fixed length control field 00453nam a2200157 a 4500
001 - CONTROL NUMBER
control field 26937
005 - DATE AND TIME OF LATEST TRANSACTION
control field 20180713225548.0
008 - FIXED-LENGTH DATA ELEMENTS--GENERAL INFORMATION
fixed length control field 140415s1980 mx 000 0 spa d
041 ## - LANGUAGE CODE
Language code of text/sound track or separate title spa
082 ## - DEWEY DECIMAL CLASSIFICATION NUMBER
Classification number 658
100 1# - MAIN ENTRY--PERSONAL NAME
Personal name ARIAS GALICIA, FERNANDO
245 10 - TITLE STATEMENT
Title TECNICAS DE INVESTIGACION EN CIENCIAS DE LA ADMINISTRACION Y DEL COMPORTAMIENTO
250 ## - EDITION STATEMENT
Edition statement 1ª EDICIÓN
260 ## - PUBLICATION, DISTRIBUTION, ETC.
Place of publication, distribution, etc. MEXICO :
Name of publisher, distributor, etc. TRILLAS,
Date of publication, distribution, etc. 1980
650 14 - SUBJECT ADDED ENTRY--TOPICAL TERM
Topical term or geographic name entry element ADMINISTRACION
Existencias
Withdrawn status Lost status Source of classification or shelving scheme Damaged status Not for loan Collection code Home library Current library Shelving location Date acquired Source of acquisition Total Checkouts Full call number Barcode Date last seen Date last checked out Price effective from Koha item type
    Dewey Decimal Classification     General Tehuacán Tehuacán Sala general 03/12/2013 Compra   658 500005 08/01/2025 22/04/2014 03/12/2013 Libro